ELECTRICITY MAGNETISM AND ELECTROMAGNETIC THEORY (Record no. 9332)
[ view plain ]
| 000 -LEADER | |
|---|---|
| fixed length control field | 00454nam a22001577a 4500 |
| 003 - CONTROL NUMBER IDENTIFIER | |
| control field | SGT |
| 020 ## - INTERNATIONAL STANDARD BOOK NUMBER | |
| International Standard Book Number | 9781259004599 |
| 082 ## - DEWEY DECIMAL CLASSIFICATION NUMBER | |
| Classification number | 537,MAH |
| 100 ## - MAIN ENTRY--PERSONAL NAME | |
| Personal name | MAHAJAN SHOBHIT |
| 245 ## - TITLE STATEMENT | |
| Title | ELECTRICITY MAGNETISM AND ELECTROMAGNETIC THEORY |
| 260 ## - PUBLICATION, DISTRIBUTION, ETC. (IMPRINT) | |
| Place of publication, distribution, etc | NEW DELHI |
| Name of publisher, distributor, etc | MC GRAW HILL |
| 300 ## - PAGE DESCRIPTION | |
| No. of Pages | 589 |
| 650 ## - SUBJECT ADDED ENTRY--TOPICAL TERM | |
| Topical term or geographic name as entry element | ELECTRICITY MAGNETISM |
| 653 ## - KEYWORDS--INDEX TERM | |
| Keyword term | MATHEMATICAL PRELIMINARIES, ELECTRIC FORCES, ELECTRIC POTENTIAL, ELECTRIC FIELDS IN MATTER |
| 942 ## - ADDED ENTRY ELEMENTS (KOHA) | |
| Source of classification or shelving scheme | Dewey Decimal Classification |
| Koha item type | FPS Books |
| Withdrawn status | Lost status | Source of classification or shelving scheme | Damaged status | Not for loan | Collection code | Home library | Current library | Shelving location | Date acquired | Vendor Name | Cost, normal purchase price | SGTU | Bill Number | Total Checkouts | Full call number | Accession No. (Barcode) | Date last seen | Date last borrowed | Bill Date | Koha item type |
|---|---|---|---|---|---|---|---|---|---|---|---|---|---|---|---|---|---|---|---|---|
| Dewey Decimal Classification | SCIENCE | SGT Science & Social Sciences Library | SGT Science & Social Sciences Library | Text Book | 29/06/2016 | SPARSH BOOK | 390.00 | SGTU | 1285 | 5 | 537,MAH | PS508 | 06/03/2019 | 20/02/2019 | 21/11/2014 | FPS Books | ||||
| Dewey Decimal Classification | SCIENCE | SGT Science & Social Sciences Library | SGT Science & Social Sciences Library | Text Book | 29/06/2016 | SPARSH BOOK | 390.00 | SGTU | 1285 | 6 | 537,MAH | PS509 | 08/05/2017 | 18/04/2017 | 21/11/2014 | FPS Books | ||||
| Dewey Decimal Classification | SCIENCE | SGT Science & Social Sciences Library | SGT Science & Social Sciences Library | Text Book | 29/06/2016 | SPARSH BOOK | 390.00 | SGTU | 1285 | 1 | 537,MAH | PS510 | 25/02/2020 | 18/02/2020 | 21/11/2014 | FPS Books |